Stories from the Arabian nights /

Bibliographic Details
Uniform Title:Arabian nights.
Other Authors: Steedman, Amy, Blaikie, F. M. B.
Format: Microform Book
Language:English
Published: London : New York : T.C. & E.C. Jack ; E.P. Dutton & Co., [not before 1914]
Series:Chisholm, Louey. Told to the children series.
Opie collection of children's literature ; 013:330.
Subjects:

MARC

Tag First Indicator Second Indicator Subfields
LEADER 00000cam a2200000Ia 4500
001 in00002571313
005 20151201154008.0
007 he amv---bacp
007 hd bfv---baap
008 960215q19141994enka jb 000 0 eng d
035 |a (OCoLC)ocm34197303 
037 |a CL0021000013  |b ProQuest Information and Learning 300 N. Zeeb Rd., Ann Arbor, MI 48106 
040 |a OPP  |c OPP  |d UtOrBLW 
041 1 |a eng  |h ara 
049 |a OPPA 
090 |a PZ5  |b .O67 1990 no.013:330. 
130 0 |a Arabian nights. 
245 1 0 |a Stories from the Arabian nights /  |c told to the children by Amy Steedman ; with pictures by F.M.B. Blaikie. 
264 1 |a London :  |b T.C. & E.C. Jack ;  |a New York :  |b E.P. Dutton & Co.,  |c [not before 1914] 
300 |a 117 pages, 8 unnumbered leaves of plates :  |b illustrations 
336 |a text  |b txt  |2 rdacontent 
337 |a microform  |b h  |2 rdamedia 
338 |a microfiche  |b he  |2 rdacarrier 
490 1 |a Told to the children series / edited by Louey Chisholm 
500 |a Date of publication suggested by the Bodleian Library. 
500 |a Reproduction of original in the Bodleian Library. 
510 4 |a Opie  |c C 686 
533 |a Microfiche.  |b Ann Arbor, Mich.  |c UMI,  |d 1994.  |e 2 microfiche.  |f (Opie collection of children's literature ; 013:330).  |7 s1994 miun b 
500 |a Microform. 
650 0 |a Fairy tales. 
700 1 |a Steedman, Amy. 
700 1 |a Blaikie, F. M. B. 
800 1 |a Chisholm, Louey.  |t Told to the children series. 
830 0 |a Opie collection of children's literature ;  |v 013:330. 
999 |a MARS 
999 f f |s 044f08fa-e72f-36a5-9b81-7c19ad9e5e18  |i 133c6593-3d23-35fc-8afd-aeecf768f334  |t 0 
952 f f |a Texas A&M University  |b College Station  |c Sterling C. Evans Library  |d Evans: Microforms Fiche (3rd floor)  |t 0  |e PZ5 .O67 1990 no.013:330.  |h Library of Congress classification 
998 f f |a PZ5 .O67 1990 no.013:330.  |t 0  |l Evans: Microforms Fiche (3rd floor)